| 000 | 00436nam a2200157 i 4500 | ||
|---|---|---|---|
| 001 | 26990 | ||
| 003 | ES-MaACL | ||
| 005 | 20230906153533.0 | ||
| 007 | t| | ||
| 008 | 030113s1966 ve ||||1| spa d | ||
| 100 | 1 |
_aAthilano, Andrés. _923730 |
|
| 245 | 1 | 0 |
_aPoesiarias... / _cAndrés Athilano. |
| 260 |
_a[S.l. : _bs.n., _c1966] ( _eCaracas : _fTip. San Ignacio) |
||
| 300 |
_a142 p. ; _c24 cm. |
||
| 852 |
_aES-MaACL _jC-28994 _bR.58390 |
||
| 999 |
_c26990 _d26990 |
||